| 000 | 00604nam a2200217 i 4500 | ||
|---|---|---|---|
| 001 | 124584 | ||
| 003 | ES-MaACL | ||
| 005 | 20250813062630.0 | ||
| 007 | t| | ||
| 008 | 070330s1937 sp ||||1| spa d | ||
| 080 | _a930.85(=873.122) | ||
| 100 | 1 |
_aCapdevila, Arturo, _d1889-1967 _934790 |
|
| 245 | 1 | 4 |
_aLos incas / _cArturo Capdevila. |
| 260 |
_aBarcelona : _bLabor, _c[1937] |
||
| 300 |
_a178 p., XVI p. de lám. ; _c17 cm. |
||
| 490 | 1 |
_aColección Labor ; _v393 |
|
| 650 | 1 | 4 |
_aIncas. _913645 |
| 830 | 0 | 0 |
_aColección Labor _v393 _9184254 |
| 852 |
_aES-MaACL _jE-2861 |
||
| 999 |
_c124584 _d124584 |
||